000
00326nam a2200145Ia 4500
008
210210b1820 xxu||||| |||| 00| 0 eng d
041
_a
eng
082
_a
822/1127
100
_a
SPENCE
245
_a
Anecdotes
260
_a
London
_b
Not Mentioned
_c
1820
650
_a
Anecdotes
690
_a
English Prose
906
_a
013310
999
_c
132175
_d
132175